000 00614nam a22001937a 4500
001 000624
003 DO-SdBNP
005 20180126113014.0
007 000624
008 161031b 1964 pr a ||||| |||| 00| 0 spa d
040 _aBPMSU
_bspa
_cBPMSU
082 _axxxx
_bxxxx
245 0 0 _aHeroes in fact and fable :
_bgraded reading in English as a second language.
_cPuerto Rico. Department of Education.
260 _a[Boston] :
_bGinn & Co.,
_c1964.
300 _a335 p. :
_bil. ;
_c23 cm.
942 _2ddc
_cBK
945 _aInventariado extranjero / 2018 VM
956 _2LOPEREZ
_310
_620161031
_8BPMSU
_a00041
999 _c11734
_d11734